000 00833nam a22002897a 4500
001 BR9406531
003 BR-BrBNA
005 20230928094138.0
007 ta
008 230509b bl.||||| |||| 00| 0 por d
040 _aBR-BrBNA
_bpor
_cBiblioteca Nacional de Agricultura
041 _a(Por)
072 _aE14; E12
090 _ E14 BR9406531
110 1 _aBanco do Nordeste do Brasil S.A., Fortaleza, CE (Brasil)
245 1 _aPrograma de fomento a geracao de emprego e renda no Nordeste do Brasil
260 3 _aFortaleza, CE (Brasil):
_c1993.
300 _a44 p.
650 _aPrograma de Desenvolvimento
650 _aPolitica de Desenvolvimento
650 _aEmprego
650 _aInflacao
650 _aPolitica Economica
650 _aRegiao Nordeste
909 _a202309
_bLucia
_c55
_dLucia Elande
942 _cBK
999 _c49089
_d49089